Statystyki dla Mapa świata bez 40 losowych krajów

Kliknij tutaj aby rozwiązać quiz!

Ogólne statystyki

  • Ten quiz został rozwiązany 1 736 razy
  • Średni wynik to 32 z 40

Odpowiedzi na mapie

Odpowiedzi skodowane kolorowo w zielono-czerwonej skali na mapie do tego quizu, zgodnie z poniższymi procentami.
 

Statystyki odpowiedzi

kraj% Poprawnych
Białoruś
100%
Rosja
100%
Kanada
99%
Stany Zjednoczone
99%
Niemcy
98%
Wenezuela
98%
Argentyna
96%
Brazylia
96%
Meksyk
96%
Polska
96%
Czechy
95%
Francja
95%
Algieria
94%
Egipt
94%
Niger
94%
Peru
94%
Słowacja
94%
Dem Rep Konga
93%
Pakistan
93%
Republika Południowej Afryki
93%
Szwecja
93%
Ukraina
93%
Włochy
93%
Chiny
92%
Kolumbia
92%
Paragwaj
92%
Szwajcaria
92%
Austria
91%
Boliwia
91%
Hiszpania
91%
Irak
91%
Kazachstan
91%
Libia
91%
Maroko
91%
Panama
91%
Węgry
91%
Arabia Saudyjska
90%
Belgia
90%
Chile
90%
Sudan
90%
Grecja
89%
Iran
89%
Serbia
89%
Tajlandia
89%
Wielka Brytania
89%
Afganistan
88%
Angola
88%
Finlandia
88%
Kostaryka
88%
Mali
88%
Mongolia
88%
Norwegia
88%
Portugalia
88%
Rumunia
88%
Turcja
88%
Uzbekistan
88%
Bułgaria
87%
Kamerun
87%
Mjanma
87%
Mołdawia
87%
Tadżykistan
87%
Turkmenistan
87%
Australia
86%
Czad
86%
Gwatemala
86%
Indonezja
86%
Kosowo
86%
Nigeria
86%
Słowenia
86%
Urugwaj
86%
Zambia
86%
Bośnia i Hercegowina
85%
Ekwador
85%
Jordania
85%
Korea Północna
85%
Mauretania
85%
Tanzania
85%
Gujana
84%
Indie
84%
Litwa
84%
Papua-Nowa Gwinea
84%
Etiopia
83%
Kirgistan
83%
Macedonia Północna
83%
Sudan Południowy
83%
Eswatini
82%
Ghana
82%
Jemen
82%
Kenia
82%
Namibia
82%
Nepal
82%
Zimbabwe
82%
Chorwacja
81%
Côte d'Ivoire
81%
Korea Południowa
81%
Łotwa
81%
Surinam
81%
Syria
81%
Tunezja
81%
Gwinea
80%
Japonia
80%
Kongo
80%
Laos
80%
Oman
80%
Senegal
80%
Bangladesz
79%
Mozambik
79%
Uganda
79%
Dania
78%
Honduras
78%
Togo
78%
Azerbejdżan
77%
Burkina Faso
77%
Nikaragua
77%
Nowa Zelandia
77%
Republika Środkowoafrykańska
77%
Irlandia
76%
Lesotho
76%
Armenia
75%
Benin
75%
Botswana
75%
Gabon
75%
Holandia
73%
Madagaskar
73%
Wietnam
73%
Estonia
72%
Filipiny
72%
Gwinea Bissau
72%
Islandia
72%
Malawi
72%
Albania
71%
Erytrea
71%
Malezja
70%
Somalia
70%
Kambodża
68%
Rwanda
68%
Sri Lanka
68%
Sierra Leone
67%
Dominikana
66%
Gwinea Równikowa
66%
Kuba
66%
Seszele
66%
Izrael
65%
Palau
65%
Vanuatu
64%
Bahamy
63%
Haiti
63%
Liberia
63%
Malta
63%
Mikronezja
63%
Tajwan
63%
Gruzja
61%
Burundi
59%
Samoa
59%
Jamajka
58%
Kiribati
58%
Komory
57%
Nauru
57%
Salwador
57%
Zjednoczone Emiraty Arabskie
56%
Mauritius
55%
Wyspy Marshalla
55%
Fidżi
53%
Malediwy
53%
Wyspy Salomona
51%
Kuwejt
50%
Tonga
50%
Wyspy Świętego Tomasza i Książeca
50%
Belize
49%
Tuvalu
48%
Cabo Verde
16%

Rozkład punktacji

Percentyl według liczby udzielonych odpowiedzi

Procent ludzi z każdym wynikiem

Twoja historia wyników

Nie rozwiązałeś tego quizu